Illustrations of Heliconius (<Nymphalidae>): some rare and important specimens (Registro nro. 11826)

Detalles MARC
000 -CABECERA
Campo de control 004830000a22001570004500
090 ## - CLASIFICACIÓN LOCAL
Colección AR
Consecutivo 02765
041 0# - IDIOMA
Código de idioma para texto/pista de sonido o título separado
100 1# - ASIENTO PRINCIPAL--NOMBRE PERSONAL
Nombre personal Turner, John R. G.
245 10 - MENCION DE TITULO
Título Illustrations of Heliconius (<Nymphalidae>): some rare and important specimens
650 14 - ASIENTO SECUNDARIO DE MATERIA - TERMINO TEMATICO
Término temático o nombre geográfico como elemento de entrada Mariposas
650 14 - ASIENTO SECUNDARIO DE MATERIA - TERMINO TEMATICO
Término temático o nombre geográfico como elemento de entrada Entomología
650 14 - ASIENTO SECUNDARIO DE MATERIA - TERMINO TEMATICO
Término temático o nombre geográfico como elemento de entrada Taxonomía animal
653 ## - TERMINO DE INDIZACION - NO CONTROLADO
-- Heliconius
773 1# - Item fuente:
Título Journal of the Lepidopterists Society
Especificación de materiales 547
Descripción física 2
Paginas del Articulo 130-136
Lugar, editorial y fecha de publicación 1973
Información sobre la relación 27
942 ## - ELEMENTOS ADICIONALES (KOHA)
Tipo de ítem Artículo
Existencias
Withdrawn status Lost status Damaged status No para préstamo Colección Ubicación Permanente Ubicación actual Fecha de adquisición Datos de publicación Seriada Total Checkouts Número topográfico Inventario / Código de Barras Date last seen Ejemplar Price effective from Forma de adquisición Tipo de material
      No para Préstamo Hemeroteca Bogotá Bogotá 27/02/2015 Fuera de circulación   AR 02765 013177 25/03/2015 1 25/03/2015   Artículo